000 00313nam a2200121Ia 4500
008 190216s9999||||xx |||||||||||||| ||und||
100 _aAbdul Aziz
245 0 _aKendra Samsthana Dhanakarya Pravarthanam Indiayil
260 _bKerala Bhasha Institute
_c1975
300 _a439p
650 _aEconomics
942 _cBK
999 _c40265
_d40265